| 000 | 01190naa a22003617a 4500 | ||
|---|---|---|---|
| 001 | BR8107532 | ||
| 003 | BR-BrBNA | ||
| 005 | 20240918175050.0 | ||
| 007 | ta | ||
| 008 | 230509b bl.||||| |||| 00| 0 por d | ||
| 040 |
_aBR-BrBNA _bpor _cBiblioteca Nacional de Agricultura |
||
| 041 | _a(Pt) | ||
| 072 |
_aK10 _b3575 _b3000 |
||
| 090 | _aK10 BR8107532 | ||
| 100 | 1 | _aBianchetti, A. | |
| 111 | 1 |
_a1. Seminario de Sementes e Viveiros Florestais _cCuritiba, PR (Brazil) _d4-8 May 1981 |
|
| 245 | 1 | _aProducao e tecnologia de sementes de essencias florestais | |
| 260 | 3 |
_aCuritiba, PR (Brasil): _c1981. |
|
| 500 | _a1. Seminario de Sementes e Viveiros Florestais Curitiba, PR (Brasil): 1981. p. 15-42 (BR8107532-AM)K10 | ||
| 650 | _aARVORE FLORESTAL | ||
| 650 | _aSEMENTE | ||
| 650 | _aMATURACAO | ||
| 650 | _aCOLHEITA | ||
| 650 | _aSECAGEM | ||
| 650 | _aBENEFICIAMENTO | ||
| 650 | _aARMAZENAMENTO | ||
| 650 | _aGERMINACAO | ||
| 650 | _aTEMPERATURA | ||
| 650 | _aDORMENCIA DA SEMENTE | ||
| 773 | 0 |
_t1. Seminario de Sementes e Viveiros Florestais _b _wK10 BR8107532 _gCuritiba, PR (Brasil), 1981. p. 15-42 |
|
| 909 |
_a202404 _bLucia _c55 _dLucia Elande |
||
| 942 |
_cAM _2AGRIS |
||
| 999 |
_c314816 _d314816 |
||